000 00580nam a2200241 a 4500
001 nice12345678
003 IN_TiNIC
005 20260116011452.0
008 080221s1923 lona grp 000 0 eng
020 _a
_c100
082 0 0 _a305.420955
_bRIC
100 _aRice, C Colliver
245 _aPersian Women and Their Ways
260 _aLondon
_bSeeley, Service & Co
_c1923
300 _a312p
500 _aincludes index and biblioraphy
505 2 _aIndex
650 _aWomen-Iran
700 1 _aRice, C Colliver
902 _bSRS
942 _cBK
999 _c1807
_d1807